000 01596nam a22003617a 4500
999 _c155
_d155
001 000392
003 CoMeUDC000392
005 20181030002638.0
008 130821s2000 ck gr spa
020 _a9586149021
040 _aCo-BoUCM
_bspa
_cCoMeUDC
041 0 0 _aspa
092 0 4 _a303.62 U58c
_220
110 2 _aUniversidad Nacional de Colombia
_bInstituto de Estudios Políticos y Relaciones Internacionales. IEPRI
245 1 0 _aColombia Cambio de siglo, balances y perspectivas
_cInstituto de Estudios Políticos y Relaciones Internacionales. IEPRI; edición de Juan Carlos Rodríguez Raga; William Ramírez Tobón; Andrés López Restrepo; Francisco Aurelio Gutiérrez Sanín... [et al.]
260 _aBogotá (Colombia)
_bPlaneta Colombiana Editorial
_c2000
300 _a309 páginas
490 _aPlaneta Colombiana Editorial.
_aLa Línea del Horizonte
504 _aBibliografía p.293
650 0 4 _aCiencia política
_9340
650 0 4 _aDemocracia
_xHistoria
_zColombia
_ySiglo XX
_912617
650 0 4 _aDemocracia
_zColombia
_ySiglo XX
_912617
650 0 4 _aNarcotráfico
_zColombia
_ySiglo XX
_920085
650 0 4 _aViolencia
_zColombia
_ySiglo XX
_9422
651 _aColombia
_bRelaciones internacionales
_ySiglo XX
_926606
651 _aColombia
_xConstitución
_y1991
_926606
651 _aColombia
_xPolítica y gobierno
_ySiglo XX
_926606
700 2 _aGutierrez Sanin, Francisco Aurelio
700 2 _aLopez Restrepo, Andrés
700 2 _aRamirez Tobon, William
700 2 _aRodriguez Raga, Juan Carlos
_eed.
942 _cBK
_2ddc
_a6
_e1
_h303.62
_mU58c